000 00751nam a22002297a 4500
999 _c200
_d200
003 AR-CdUCM
008 190222b ||||| |||| 00| 0 spa d
020 _a8470760378
040 _aMUNICIPALIDAD PROVINCIAL DEL CUSCO
_cBIBLIOTECA MUNICIPAL DEL CUSCO
082 _a081 /
_bSA164
100 _aSalgari, E
_9902
245 _aYolanda /
260 _aMadrid :
_bGahe,
_c1975.
300 _a143 paginas ;
_b6 Ilustraciones.
_c20 cm.
505 _aContenido: La taberna del toro -- El secuestro del plantador -- La flota de los filibusteros -- La toma de Maracaibo ...
650 _aObra literaria
_9903
650 _aLiteratura EspaƱola
_9904
650 _aMujer
_958
650 _aAmor
_9905
942 _2ddc
_cLIBROS
945 _aacv
_d2019-02-21